Prechod na IFRS 17
Priblíženie štandardu od IASB „IFRS 17 – Poistné zmluvy“ v rámci poistného sektora a princípov, ktoré sú poisťovne povinné dodržať od roka 2022. Doba prechodu na nový štandard IFRS 17 a súvisiace zmeny, ktoré poisťovne a zaisťovne čakajú. Prechod na IFRS 17, ktorý zahŕňa zmenené požiadavky na ocenen...
Uložené v:
| Hlavný autor: | |
|---|---|
| Médium: | Kapitola |
| Jazyk: | Slovak |
| Predmet: | |
| Tagy: |
Žiadne tagy, Buďte prvý, kto otaguje tento záznam!
|
MARC
| LEADER | 00000naa$a2200000$$$4500 | ||
|---|---|---|---|
| 001 | 0280915 | ||
| 005 | 20240502083900.1 | ||
| 041 | 0 | |a slo | |
| 044 | |a CZ | ||
| 245 | 1 | 0 | |a Prechod na IFRS 17 |c Silvia Zelinová |
| 520 | |a Priblíženie štandardu od IASB „IFRS 17 – Poistné zmluvy“ v rámci poistného sektora a princípov, ktoré sú poisťovne povinné dodržať od roka 2022. Doba prechodu na nový štandard IFRS 17 a súvisiace zmeny, ktoré poisťovne a zaisťovne čakajú. Prechod na IFRS 17, ktorý zahŕňa zmenené požiadavky na ocenenie poistných a zaistných zmlúv, ako sú kladené na riadne obdobie aplikácie samotného štandardu. Prístupy pre oceňovanie poistných zmlúv, ktoré si poisťovne budú môcť zvoliť. Opis celého prechodu na IFRS 17 z poistno-matematického hľadiska. | ||
| 610 | 2 | 0 | |a poisťovníctvo |
| 610 | 2 | 0 | |a poisťovne |
| 610 | 2 | 0 | |a zaisťovne |
| 610 | 2 | 0 | |a výkazníctvo finančné |
| 610 | 2 | 0 | |a výkazy finančné |
| 610 | 2 | 0 | |a štandardy účtovné medzinárodné |
| 610 | 2 | 0 | |a IFRS |
| 610 | 2 | 0 | |a obdobie prechodné |
| 100 | 1 | |a Zelinová, Silvia, 1987- | |